[Event "4NCL Division 2b"]
[Site "Reading, ENG"]
[Date "2016.11.19"]
[Round "1.81"]
[White "Drabble, Andrew"]
[Black "Zhang, Anthony Y"]
[Result "0-1"]
[WhiteElo "2078"]
[BlackElo "2226"]
[PlyCount "98"]
[EventDate "2016.11.19"]
[WhiteTeam "Bradford DCA Knights A"]
[BlackTeam "Guildford 3"]

1. d4 d5 2. Nf3 Nf6 3. c4 c6 4. e3 Bf5 5. cxd5 cxd5 6. Qb3 Qc7 7. Bd2 Nc6 8.
Bb5 e6 9. Bb4 Bd6 10. Bxd6 Qxd6 11. Nc3 O-O 12. Bxc6 bxc6 13. Na4 Rab8 14. Qa3
Qxa3 15. bxa3 Nd7 16. O-O Rb5 17. Rfc1 Ra5 18. Nc5 Nxc5 19. Rxc5 Rxa3 20. Ne5
f6 21. Nxc6 Kf7 22. h3 Bd3 23. Ra5 Rxa5 24. Nxa5 Rc8 25. Rd1 Rc3 26. Rd2 Ra3
27. Nb3 Bc4 28. Rb2 e5 29. Nc5 exd4 30. Rb7+ Kg6 31. exd4 Rxa2 32. Ne6 Kf5 33.
Nxg7+ Ke4 34. Ne6 a5 35. Rxh7 a4 36. Rh4+ Kd3 37. Rf4 a3 38. Rf3+ Kc2 39. h4
Ra1+ 40. Kh2 a2 41. Ra3 Re1 42. Nf4 a1=Q 43. Rxa1 Rxa1 44. g4 Kc3 45. g5 fxg5
46. hxg5 Kxd4 47. g6 Ra8 48. Kg3 Ke5 49. Kg4 Kf6 0-1

[Event "4NCL Division 2b"]
[Site "Reading, ENG"]
[Date "2016.11.19"]
[Round "1.82"]
[White "Granat, Russell G"]
[Black "Eagleton, Greg T"]
[Result "1-0"]
[WhiteElo "2228"]
[BlackElo "2055"]
[PlyCount "99"]
[EventDate "2016.11.19"]
[WhiteTeam "Guildford 3"]
[BlackTeam "Bradford DCA Knights A"]

1. Nf3 Nf6 2. g3 g6 3. Bg2 Bg7 4. O-O O-O 5. c4 d6 6. d4 Nc6 7. Nc3 e5 8. dxe5
dxe5 9. Qxd8 Rxd8 10. Nb5 Ne8 11. Bg5 f6 12. Be3 Be6 13. b3 a6 14. Nc3 Nd6 15.
Rad1 Nf5 16. Bc1 Bf8 17. e4 Nfd4 18. Nd5 Bxd5 19. exd5 Nxf3+ 20. Bxf3 Nd4 21.
Bg2 Ne2+ 22. Kh1 Nxc1 23. Rxc1 Bc5 24. Rc2 a5 25. h4 Kg7 26. g4 Re8 27. Be4 Rf8
28. Re2 a4 29. b4 Bxb4 30. Rb1 Bd6 31. Rxb7 Ra5 32. Reb2 f5 33. gxf5 gxf5 34.
Bc2 Rf7 35. R2b5 Rxb5 36. Rxb5 a3 37. c5 Be7 38. Bb3 Bxh4 39. d6 cxd6 40. Bxf7
Kxf7 41. Rb7+ Ke8 42. c6 Kd8 43. Kg2 Be7 44. Rd7+ Ke8 45. Ra7 Kd8 46. Rxa3 h5
47. Ra8+ Kc7 48. Ra7+ Kd8 49. Rd7+ Ke8 50. a4 1-0

[Event "4NCL Division 2b"]
[Site "Reading, ENG"]
[Date "2016.11.19"]
[Round "1.83"]
[White "Bak, Andrew"]
[Black "Flear, Christine"]
[Result "1/2-1/2"]
[WhiteElo "2055"]
[BlackElo "2127"]
[PlyCount "127"]
[EventDate "2016.11.19"]
[WhiteTeam "Bradford DCA Knights A"]
[BlackTeam "Guildford 3"]

1. e4 c5 2. Nf3 e6 3. d4 cxd4 4. Nxd4 a6 5. c4 d6 6. Be3 Nf6 7. Nc3 Be7 8. Be2
O-O 9. O-O Bd7 10. a3 Nc6 11. b4 Rc8 12. f4 e5 13. Nf5 Bxf5 14. exf5 Nd7 15.
Nd5 exf4 16. Bxf4 Nce5 17. Rc1 Re8 18. Qd2 Nb6 19. c5 Nxd5 20. Qxd5 dxc5 21.
Qxd8 Bxd8 22. bxc5 Be7 23. Be3 Nd7 24. c6 Rxc6 25. Rxc6 bxc6 26. Bxa6 Bxa3 27.
Bf2 Nc5 28. Bxc5 Bxc5+ 29. Kh1 Bd4 30. g4 h6 31. Kg2 c5 32. Rc1 Ra8 33. Bc4 Rb8
34. Rc2 Kf8 35. Kf3 Ke7 36. h4 Rb7 37. Bd5 Rd7 38. Bc4 Bf6 39. h5 Bd4 40. Be2
Kf6 41. Kf4 Re7 42. Bc4 Be5+ 43. Kf3 Rd7 44. Be2 Bd4 45. Kf4 Ra7 46. Bc4 Be5+
47. Ke4 Rd7 48. Be2 Rd4+ 49. Ke3 Bf4+ 50. Kf3 Bd6 51. Rc4 Rd2 52. Ke3 Rb2 53.
Bf3 Rb3+ 54. Ke4 Kg5 55. Bd1 Rb1 56. Bf3 Be7 57. Ke3 Rb2 58. Bd1 Bd6 59. Kf3
Rb1 60. Be2 Rb3+ 61. Ke4 Bf4 62. Kd5 Re3 63. Re4 Rc3 64. Rc4 1/2-1/2

[Event "4NCL Division 2b"]
[Site "Reading, ENG"]
[Date "2016.11.19"]
[Round "1.84"]
[White "Punnett, Alan K"]
[Black "Jennings, Roger W"]
[Result "1-0"]
[WhiteElo "2024"]
[BlackElo "2054"]
[PlyCount "83"]
[EventDate "2016.11.19"]
[WhiteTeam "Guildford 3"]
[BlackTeam "Bradford DCA Knights A"]

1. e4 g6 2. d4 Bg7 3. Nf3 d6 4. c4 Nf6 5. Nc3 O-O 6. Be2 Bg4 7. O-O Nc6 8. Be3
e5 9. d5 Ne7 10. Nd2 Bxe2 11. Qxe2 Nh5 12. c5 f5 13. f3 Nf4 14. Qb5 b6 15. cxd6
cxd6 16. a4 Rc8 17. a5 fxe4 18. fxe4 bxa5 19. Qxa5 Qxa5 20. Rxa5 Rc7 21. Rxa7
Rxa7 22. Bxa7 Rc8 23. Rf3 g5 24. g3 g4 25. Re3 Nh3+ 26. Kg2 Ra8 27. Nb5 Bh6 28.
Re2 Nc8 29. Be3 Bxe3 30. Rxe3 Rb8 31. Rb3 Ng5 32. Kf2 Rb6 33. Ke3 Rb8 34. Kd3
Nf3 35. Nxf3 gxf3 36. Nd4 Rxb3+ 37. Nxb3 Nb6 38. Nd2 Na4 39. b3 Nc5+ 40. Ke3
Kf7 41. Kxf3 Ke7 42. Kg4 1-0

[Event "4NCL Division 2b"]
[Site "Reading, ENG"]
[Date "2016.11.19"]
[Round "1.85"]
[White "Nicholson, Jim W R"]
[Black "Shepley, Julien M"]
[Result "1/2-1/2"]
[WhiteElo "2028"]
[BlackElo "1997"]
[PlyCount "51"]
[EventDate "2016.11.19"]
[WhiteTeam "Bradford DCA Knights A"]
[BlackTeam "Guildford 3"]

1. d4 d5 2. Nf3 c5 3. e3 Nc6 4. c3 Qd6 5. Nbd2 e5 6. dxe5 Nxe5 7. Nxe5 Qxe5 8.
Bb5+ Bd7 9. Bxd7+ Kxd7 10. Nf3 Qd6 11. Qa4+ Kc7 12. e4 Qc6 13. Bf4+ Bd6 14.
Bxd6+ Kxd6 15. Qc2 dxe4 16. O-O-O+ Ke6 17. Ng5+ Ke7 18. Nxe4 Nf6 19. Nxf6 Kxf6
20. Rhe1 Rae8 21. Qd2 g6 22. h4 h6 23. Rxe8 Rxe8 24. Qxh6 Qxg2 25. Rd6+ Re6 26.
Qf4+ 1/2-1/2

[Event "4NCL Division 2b"]
[Site "Reading, ENG"]
[Date "2016.11.19"]
[Round "1.86"]
[White "Stimpson, Philip M"]
[Black "Bak, Christopher"]
[Result "0-1"]
[WhiteElo "1935"]
[BlackElo "2001"]
[PlyCount "74"]
[EventDate "2016.11.19"]
[WhiteTeam "Guildford 3"]
[BlackTeam "Bradford DCA Knights A"]

1. e4 e6 2. d4 d5 3. Nc3 Nf6 4. e5 Nfd7 5. Nf3 c5 6. dxc5 Nc6 7. Bf4 Be7 8. Bd3
Nxc5 9. O-O g5 10. Be3 g4 11. Nd4 Nxe5 12. Bb5+ Bd7 13. f4 gxf3 14. Nxf3 Ng4
15. Bd4 Rg8 16. Ne5 Nxe5 17. Bxe5 Qb6 18. Bxd7+ Nxd7+ 19. Bd4 Bc5 20. Bxc5
Qxc5+ 21. Kh1 O-O-O 22. Rxf7 Ne5 23. Rf4 Nc4 24. Na4 Qc6 25. Qe2 d4 26. Re1 Ne3
27. c3 Rxg2 28. Qf3 Qxa4 29. Rxe3 Rxb2 30. cxd4 Rb1+ 31. Kg2 Qxa2+ 32. Kh3 Rb2
33. Qg3 e5 34. Rc3+ Kb8 35. dxe5 Rg8 36. Rg4 Rxg4 37. e6+ Rxg3+ 0-1

[Event "4NCL Division 2b"]
[Site "Reading, ENG"]
[Date "2016.11.19"]
[Round "1.87"]
[White "McCarthy, Damian"]
[Black "Smart, Michael R"]
[Result "0-1"]
[WhiteElo "1882"]
[BlackElo "1996"]
[PlyCount "56"]
[EventDate "2016.11.19"]
[WhiteTeam "Bradford DCA Knights A"]
[BlackTeam "Guildford 3"]

1. e4 Nf6 2. e5 Nd5 3. c4 Nb6 4. d4 d6 5. exd6 cxd6 6. Nc3 g6 7. Be3 Bg7 8. Rc1
O-O 9. b3 Nc6 10. d5 Ne5 11. Be2 f5 12. f4 Ng4 13. Bxg4 fxg4 14. Nge2 e5 15.
dxe6 Bxe6 16. O-O Re8 17. Qd2 Qe7 18. Bf2 Rad8 19. Nd4 Bf7 20. Ndb5 d5 21. Bxb6
axb6 22. Nxd5 Qc5+ 23. Qf2 Rxd5 24. cxd5 Qxb5 25. d6 Bd5 26. Rfe1 Rxe1+ 27.
Qxe1 Bd4+ 28. Kh1 Bxg2+ 0-1